[Event "CN Equipas 2019 - 1. div"]
[Site "Évora POR"]
[Date "2019.07.16"]
[Round "3.1.4"]
[White "Espineira, Diego"]
[Black "Fernandes, António"]
[Result "1-0"]
[WhiteElo "2361"]
[BlackElo "2376"]
[WhiteFideId "2229498"]
[BlackFideId "1900021"]
[WhiteTeam "O Amanhã da Criança"]
[BlackTeam "Ax Portugal/Atlantidiagonal 'A'"]
[WhiteTitle "IM"]
[BlackTitle "GM"]
[PlyCount "106"]

1. e4 c5 2. Nf3 Nf6 3. e5 Nd5 4. Nc3 Nxc3 5. dxc3 Nc6 6. Bf4 e6 7. Qd2 Be7 8. h4
Qc7 9. O-O-O b6 10. Bd3 Bb7 11. Be4 h6 12. c4 O-O-O 13. h5 Na5 14. Bxb7+ Nxb7
15. Bg3 d6 16. Qf4 f6 17. Qg4 fxe5 18. Qxe6+ Kb8 19. Kb1 Bf6 20. Qg4 Qc6 21.
Rhe1 a6 22. Nd2 b5 23. f4 exf4 24. Bxf4 Rhe8 25. Qg6 bxc4 26. Rxe8 Qxe8 27. Nxc4
Qe2 28. Ne3 Ka7 29. g3 d5 30. Qd3 Qxd3 31. Rxd3 d4 32. Ng4 Rd5 33. Nxf6 gxf6 34.
c3 Rxh5 35. cxd4 Rh1+ 36. Kc2 Rh2+ 37. Rd2 Rxd2+ 38. Kxd2 cxd4 39. Kd3 Kb6 40.
Kxd4 Kc6 41. Bxh6 Nd6 42. Bf4 Nf5+ 43. Ke4 Ne7 44. Bd2 Kd7 45. a4 Ke6 46. b4 Nc6
47. b5 axb5 48. axb5 f5+ 49. Kd3 Ne5+ 50. Kd4 Nf3+ 51. Kc3 Kd5 52. Be3 Ne5 53.
Kb4 Nd7 1-0

[Event "CN Equipas 2019 - 1. div"]
[Site "Évora POR"]
[Date "2019.07.16"]
[Round "3.2.1"]
[White "Dâmaso, Rui"]
[Black "Henderson De La Fuente, Lance"]
[Result "0-1"]
[WhiteElo "2425"]
[BlackElo "2471"]
[WhiteFideId "1900030"]
[BlackFideId "32096585"]
[WhiteTeam "A.XAT-Montemor-o-Novo"]
[BlackTeam "Ex Porto 'A'"]
[WhiteTitle "IM"]
[BlackTitle "IM"]
[PlyCount "70"]

1. g3 Nf6 2. Bg2 e6 3. Nf3 d5 4. O-O Be7 5. c4 O-O 6. b3 d4 7. e3 c5 8. exd4
cxd4 9. d3 Nc6 10. a3 a5 11. Bg5 e5 12. Nbd2 Nd7 13. Bxe7 Qxe7 14. Nh4 Nc5 15.
Ne4 Nxe4 16. Bxe4 g6 17. Qd2 Bd7 18. Qh6 Rfe8 19. Bd5 Qf8 20. Qd2 Be6 21. Rfe1
Bxd5 22. cxd5 Nb8 23. Rac1 Qd6 24. Qh6 Nd7 25. Re4 Nf6 26. Nf5 gxf5 27. Rh4 Ra6
28. g4 Qf8 29. d6 Qxh6 30. Rxh6 Kg7 31. g5 Nd7 32. Rc7 Rd8 33. Rxb7 e4 34. Kf1
Rc6 35. Rb5 Rc5 0-1

[Event "CN Equipas 2019 - 1. div"]
[Site "Évora POR"]
[Date "2019.07.16"]
[Round "3.2.2"]
[White "Veiga, Francisco"]
[Black "Oparin, Grigoriy"]
[Result "0-1"]
[WhiteElo "2357"]
[BlackElo "2660"]
[WhiteFideId "1930087"]
[BlackFideId "24125890"]
[WhiteTeam "Ex Porto 'A'"]
[BlackTeam "A.XAT-Montemor-o-Novo"]
[WhiteTitle "FM"]
[BlackTitle "GM"]
[PlyCount "60"]

1. e4 e5 2. Nf3 Nc6 3. Bb5 a6 4. Ba4 Nf6 5. d3 b5 6. Bb3 Bc5 7. a4 b4 8. a5 d6
9. Nbd2 O-O 10. c3 Rb8 11. O-O Ba7 12. Nc4 Bg4 13. Ba4 Ne7 14. Bg5 Ng6 15. Ne3
Be6 16. Bb3 bxc3 17. Bxe6 cxb2 18. Bxf7+ Rxf7 19. Rb1 h6 20. Bxf6 Qxf6 21. Qc2
Nf4 22. Nf5 Kh7 23. g3 g6 24. N5h4 Nh3+ 25. Kg2 Qe6 26. Rxb2 Rbf8 27. Qc6 Qg4
28. Rb7 g5 29. Rxa7 gxh4 30. Rxc7 Nf4+ 0-1

[Event "CN Equipas 2019 - 1. div"]
[Site "Évora POR"]
[Date "2019.07.16"]
[Round "3.2.3"]
[White "Perez Candelario, Manuel"]
[Black "Silva, Miguel"]
[Result "1-0"]
[WhiteElo "2628"]
[BlackElo "2250"]
[WhiteFideId "2210622"]
[BlackFideId "1911929"]
[WhiteTeam "A.XAT-Montemor-o-Novo"]
[BlackTeam "Ex Porto 'A'"]
[WhiteTitle "GM"]
[BlackTitle "NM"]
[PlyCount "81"]

1. e4 e5 2. Nf3 Nc6 3. d4 exd4 4. Bc4 Nf6 5. e5 d5 6. Bb5 Ne4 7. Nxd4 Bd7 8.
Bxc6 bxc6 9. O-O Bc5 10. f3 Ng5 11. Be3 Bb6 12. f4 Ne4 13. Nd2 Nxd2 14. Qxd2 c5
15. Nf3 d4 16. Bf2 Bc6 17. f5 Qd5 18. Bh4 Kd7 19. e6+ Kc8 20. exf7 Qxf7 21. a4
a5 22. Ne5 Qd5 23. Nxc6 Qxc6 24. c4 Kb7 25. Qd3 Rae8 26. Rfe1 Rxe1+ 27. Bxe1 Re8
28. Bd2 Re4 29. Rf1 Ka7 30. b3 Qe8 31. f6 gxf6 32. Rxf6 h5 33. Qf3 h4 34. Rf8
Qe6 35. Kf1 c6 36. Qh5 Qd7 37. Qg6 Re6 38. Rf7 Rxg6 39. Rxd7+ Kb8 40. Rh7 Bd8
41. Rh8 1-0

[Event "CN Equipas 2019 - 1. div"]
[Site "Évora POR"]
[Date "2019.07.16"]
[Round "3.2.4"]
[White "Paiva, Henrique"]
[Black "Santos Latasa, Jaime"]
[Result "0-1"]
[WhiteElo "2122"]
[BlackElo "2594"]
[WhiteFideId "1920995"]
[BlackFideId "2293307"]
[WhiteTeam "Ex Porto 'A'"]
[BlackTeam "A.XAT-Montemor-o-Novo"]
[WhiteTitle "NM"]
[BlackTitle "GM"]
[PlyCount "80"]

1. e4 c5 2. Nf3 Nc6 3. Nc3 d6 4. d4 cxd4 5. Nxd4 Nf6 6. Be2 g6 7. Be3 Bg7 8. O-O
O-O 9. h3 d5 10. exd5 Nb4 11. d6 Qxd6 12. Ncb5 Qb8 13. c4 e5 14. Nc2 Nxc2 15.
Qxc2 Bf5 16. Qb3 a6 17. Nc3 Be6 18. Rfd1 b5 19. Bf3 bxc4 20. Qa4 e4 21. Nxe4 Nd5
22. Bc5 Rc8 23. Rab1 Qb5 24. Qxb5 axb5 25. a3 Ra6 26. Bd4 Nf4 27. Nc5 Rd6 28.
Bxg7 Rxd1+ 29. Rxd1 Kxg7 30. Nxe6+ Nxe6 31. Rd7 Nf4 32. Bd5 Nd3 33. Rxf7+ Kh8
34. Be6 Rc6 35. Bd5 Rc5 36. Be4 Nxb2 37. Rf3 Re5 38. Re3 c3 39. Bc2 Rxe3 40.
fxe3 Nc4 0-1

[Event "CN Equipas 2019 - 1. div"]
[Site "Évora POR"]
[Date "2019.07.16"]
[Round "3.3.1"]
[White "Ferreira, Jorge"]
[Black "Trigo Urquijo, Sergio"]
[Result "1/2-1/2"]
[WhiteElo "2524"]
[BlackElo "2382"]
[WhiteFideId "1910850"]
[BlackFideId "2262436"]
[WhiteTeam "Gd Dias Ferreira 'A'"]
[BlackTeam "Gx Porto 'A'"]
[WhiteTitle "GM"]
[BlackTitle "FM"]
[PlyCount "35"]

1. d4 Nf6 2. c4 d6 3. Nf3 g6 4. Nc3 Bg7 5. e4 O-O 6. Be2 Na6 7. Bf4 Bg4 8. O-O
e5 9. dxe5 dxe5 10. Bxe5 Re8 11. Bxf6 Bxf6 12. e5 Bg7 13. Nb5 Qxd1 14. Bxd1 Re7
15. Re1 Nc5 16. Nfd4 Bxd1 17. Raxd1 c6 18. Nc3 1/2-1/2

[Event "CN Equipas 2019 - 1. div"]
[Site "Évora POR"]
[Date "2019.07.16"]
[Round "3.3.2"]
[White "Prithu Gupta"]
[Black "Gukesh D"]
[Result "1/2-1/2"]
[WhiteElo "2470"]
[BlackElo "2520"]
[WhiteFideId "46618546"]
[BlackFideId "46616543"]
[WhiteTeam "Gx Porto 'A'"]
[BlackTeam "Gd Dias Ferreira 'A'"]
[WhiteTitle "IM"]
[BlackTitle "GM"]
[PlyCount "63"]

1. c4 c5 2. g3 g6 3. Bg2 Bg7 4. Nc3 Nc6 5. Nf3 d6 6. O-O Nh6 7. d4 cxd4 8. Bxh6
Bxh6 9. Nxd4 Bd7 10. c5 Bg7 11. Nb3 Be6 12. cxd6 Qxd6 13. Qxd6 exd6 14. Nb5 Ke7
15. Rfd1 Rhd8 16. Rd2 Rd7 17. Rad1 Nb4 18. Na5 d5 19. a3 Nc6 20. Nb3 a6 21. Nc3
Bxc3 22. bxc3 Ne5 23. Bxd5 Rc8 24. f4 Rxd5 25. Rxd5 Bxd5 26. Rxd5 Nc4 27. a4 Nb2
28. Nc5 b6 29. Re5+ Kd8 30. Rd5+ Ke7 31. Re5+ Kd8 32. Rd5+ 1/2-1/2

[Event "CN Equipas 2019 - 1. div"]
[Site "Évora POR"]
[Date "2019.07.16"]
[Round "3.3.3"]
[White "Martinez, Lelys"]
[Black "Lombaers, Peter"]
[Result "1-0"]
[WhiteElo "2535"]
[BlackElo "2361"]
[WhiteFideId "3504727"]
[BlackFideId "1032852"]
[WhiteTeam "Gd Dias Ferreira 'A'"]
[BlackTeam "Gx Porto 'A'"]
[WhiteTitle "GM"]
[BlackTitle "FM"]
[PlyCount "139"]

1. e4 c5 2. Nf3 e6 3. Nc3 Nc6 4. d4 cxd4 5. Nxd4 Qc7 6. f4 a6 7. Nxc6 bxc6 8.
Bd3 d5 9. O-O Nf6 10. Kh1 Be7 11. e5 Nd7 12. Na4 Nc5 13. Nxc5 Bxc5 14. c4 a5 15.
Qc2 Ba6 16. Bd2 Bxc4 17. Bxc4 dxc4 18. Qxc4 Be7 19. f5 exf5 20. Rxf5 O-O 21.
Raf1 Qd7 22. Rxf7 Qd5 23. Qxd5 cxd5 24. Rxf8+ Bxf8 25. Bc3 Bc5 26. g3 d4 27. Bd2
Rb8 28. b3 Bb4 29. Bxb4 axb4 30. Rf4 Rd8 31. e6 d3 32. e7 Re8 33. Rxb4 Rxe7 34.
Rd4 Re2 35. Rxd3 Rxa2 36. Rf3 Rb2 37. h3 g5 38. Kg1 Kg7 39. g4 h5 40. Re3 hxg4
41. hxg4 Kf6 42. Kf1 Kg6 43. Ke1 Kf7 44. Kd1 Kf6 45. Kc1 Rf2 46. Re4 Rf4 47. Ra4
Rf2 48. Re4 Rf4 49. Rc4 Rf2 50. b4 Ke6 51. b5 Kd5 52. Rc2 Rf1+ 53. Kb2 Rf4 54.
Ka3 Rxg4 55. b6 Rg3+ 56. Ka2 Rg4 57. b7 Rb4 58. Rb2 Rxb7 59. Rxb7 Ke4 60. Rg7
Kf4 61. Kb3 g4 62. Kc3 Kf3 63. Kd3 g3 64. Rf7+ Kg2 65. Ke2 Kh2 66. Kf3 g2 67.
Rh7+ Kg1 68. Rg7 Kh1 69. Kf2 g1=R 70. Rh7# 1-0

[Event "CN Equipas 2019 - 1. div"]
[Site "Évora POR"]
[Date "2019.07.16"]
[Round "3.3.4"]
[White "Marchena Hurtado, Javier"]
[Black "Antal, Tibor Kende"]
[Result "0-1"]
[WhiteElo "2352"]
[BlackElo "2417"]
[WhiteFideId "2271583"]
[BlackFideId "738581"]
[WhiteTeam "Gx Porto 'A'"]
[BlackTeam "Gd Dias Ferreira 'A'"]
[WhiteTitle "FM"]
[BlackTitle "FM"]
[PlyCount "156"]

1. d4 Nf6 2. c4 e6 3. Nf3 d5 4. g3 dxc4 5. Bg2 Bd7 6. Ne5 Bc6 7. Nxc6 Nxc6 8.
O-O Qd7 9. e3 Rd8 10. Nc3 Na5 11. Bd2 c5 12. Qa4 Nc6 13. Qxc4 cxd4 14. exd4 Be7
15. Be3 O-O 16. Rad1 Nd5 17. Ne4 Na5 18. Qe2 b6 19. Rc1 Rc8 20. Bd2 Bb4 21. Rfd1
Qa4 22. Bxb4 Qxb4 23. Rc2 h6 24. h4 Rc4 25. Rxc4 Nxc4 26. b3 Na3 27. Qa6 Nb5 28.
Kh2 f5 29. Nd2 Nbc3 30. Rf1 Qxd4 31. Nf3 Qc5 32. Qxa7 Nf6 33. Kg1 Ne2+ 34. Kh1
Ng4 35. Qd7 Nxf2+ 36. Kh2 Ng4+ 37. Kh3 Rf6 38. Qd2 Nc3 39. Rc1 Nf2+ 40. Kh2 Nfe4
41. Qd4 Qxd4 42. Nxd4 Nxa2 43. Rc6 e5 44. Nxf5 Rxc6 45. Ne7+ Kf7 46. Nxc6 Nd2
47. Nxe5+ Ke6 48. Nc4 Nxc4 49. bxc4 Nc3 50. Kh3 Nd1 51. Bd5+ Ke5 52. Bf7 Ne3 53.
g4 g5 54. Kg3 Kd4 55. hxg5 hxg5 56. Kf3 Nxc4 57. Be8 Nd6 58. Bd7 Nc4 59. Ba4
Ne5+ 60. Kg3 Ke3 61. Be8 Nc4 62. Bd7 Nd6 63. Kg2 b5 64. Kf1 b4 65. Ke1 b3 66.
Kd1 Kd3 67. Kc1 Kc3 68. Be6 Ne4 69. Bf5 b2+ 70. Kb1 Nd2+ 71. Ka2 b1=Q+ 72. Bxb1
Nxb1 73. Kxb1 Kd3 74. Kc1 Ke3 75. Kd1 Kf3 76. Ke1 Kxg4 77. Kf1 Kg3 78. Kg1 g4
0-1

[Event "CN Equipas 2019 - 1. div"]
[Site "Évora POR"]
[Date "2019.07.16"]
[Round "3.4.1"]
[White "Galego, Luís"]
[Black "Espinosa Aranda, Angel"]
[Result "1/2-1/2"]
[WhiteElo "2513"]
[BlackElo "2488"]
[WhiteFideId "1900072"]
[BlackFideId "2278189"]
[WhiteTeam "Assembleia Figueirense"]
[BlackTeam "Amadora Xadrez 'A'"]
[WhiteTitle "GM"]
[BlackTitle "IM"]
[PlyCount "28"]

1. d4 Nf6 2. Nf3 g6 3. Bg5 Bg7 4. Nbd2 O-O 5. c3 d6 6. e4 c5 7. dxc5 dxc5 8. Bc4
Nc6 9. O-O Qc7 10. Re1 h6 11. Bh4 Nh5 12. Qc2 g5 13. Bg3 Nxg3 14. hxg3 e6
1/2-1/2

[Event "CN Equipas 2019 - 1. div"]
[Site "Évora POR"]
[Date "2019.07.16"]
[Round "3.4.2"]
[White "Alshameary Puente, Ismael"]
[Black "Del Rio Angelis, Salvador"]
[Result "1-0"]
[WhiteElo "2442"]
[BlackElo "2464"]
[WhiteFideId "2225166"]
[BlackFideId "2203138"]
[WhiteTeam "Amadora Xadrez 'A'"]
[BlackTeam "Assembleia Figueirense"]
[WhiteTitle "FM"]
[BlackTitle "GM"]
[PlyCount "95"]

1. d4 e6 2. c4 f5 3. Nf3 Nf6 4. g3 Be7 5. Bg2 O-O 6. O-O d6 7. b3 a5 8. Bb2 a4
9. Nfd2 d5 10. bxa4 Bd7 11. Nc3 Bc6 12. Qb3 Ra6 13. cxd5 Rb6 14. Qc2 Nxd5 15.
Nc4 Ra6 16. Ne5 Nb4 17. Qd1 Bxg2 18. Kxg2 Nd5 19. Qc2 Nc6 20. Nb5 Qa8 21. e4
Ncb4 22. Qe2 fxe4 23. Qxe4 Nf6 24. Qe2 Nbd5 25. Nd3 Qc8 26. Rfe1 c6 27. Na3 Rxa4
28. Nc5 Bxc5 29. dxc5 Ng4 30. Rf1 Raf4 31. f3 Nge3+ 32. Kh1 Nxf1 33. gxf4 Nfe3
34. Rg1 g6 35. Be5 Qa8 36. Qd3 Rf5 37. Re1 Qa6 38. Qxa6 bxa6 39. Bd4 Rxf4 40.
Bxe3 Rxf3 41. Nc2 e5 42. Kg2 e4 43. Bh6 Rf5 44. Rxe4 g5 45. Re8+ Kf7 46. Rf8+
Kg6 47. Rxf5 Kxf5 48. Nd4+ 1-0

[Event "CN Equipas 2019 - 1. div"]
[Site "Évora POR"]
[Date "2019.07.16"]
[Round "3.4.3"]
[White "Oratovsky, Michael"]
[Black "Asis Gargatagli, Hipolito"]
[Result "1/2-1/2"]
[WhiteElo "2445"]
[BlackElo "2506"]
[WhiteFideId "2802090"]
[BlackFideId "2260735"]
[WhiteTeam "Assembleia Figueirense"]
[BlackTeam "Amadora Xadrez 'A'"]
[WhiteTitle "GM"]
[BlackTitle "GM"]
[PlyCount "23"]

1. e4 e5 2. Bc4 Nf6 3. d3 Bc5 4. Nf3 Nc6 5. c3 O-O 6. Nbd2 a5 7. h3 d6 8. Nf1
Be6 9. Bxe6 fxe6 10. Ng3 Qe8 11. O-O Qg6 12. Kh2 1/2-1/2

[Event "CN Equipas 2019 - 1. div"]
[Site "Évora POR"]
[Date "2019.07.16"]
[Round "3.4.4"]
[White "Eggert, Alberto"]
[Black "Vasallo, Mauricio"]
[Result "0-1"]
[WhiteElo "2131"]
[BlackElo "2380"]
[WhiteFideId "4139500"]
[BlackFideId "101648"]
[WhiteTeam "Amadora Xadrez 'A'"]
[BlackTeam "Assembleia Figueirense"]
[BlackTitle "IM"]
[PlyCount "54"]

1. d4 Nf6 2. Nf3 e6 3. c4 Bb4+ 4. Nbd2 b6 5. g3 Bb7 6. Bg2 O-O 7. O-O Bxd2 8.
Bxd2 d6 9. Rc1 Nbd7 10. b4 Ne4 11. Bf4 a5 12. b5 f5 13. h4 h6 14. Qb3 Kh8 15. c5
Bd5 16. Qe3 bxc5 17. Bxh6 c4 18. Ng5 Nxg5 19. Bxd5 exd5 20. Bxg5 Qe8 21. Qf3 Nb6
22. g4 Qd7 23. gxf5 Rxf5 24. Qg4 Re8 25. e3 Kg8 26. Kh2 Rxf2+ 27. Kg3 Rg2+ 0-1

[Event "CN Equipas 2019 - 1. div"]
[Site "Évora POR"]
[Date "2019.07.16"]
[Round "3.5.1"]
[White "Kadric, Denis"]
[Black "Wegerle, Jörg"]
[Result "1-0"]
[WhiteElo "2562"]
[BlackElo "2411"]
[WhiteFideId "14403803"]
[BlackFideId "4644743"]
[WhiteTeam "Ax Gaia 'A'"]
[BlackTeam "Aa Coimbra 'A'"]
[WhiteTitle "GM"]
[BlackTitle "IM"]
[PlyCount "75"]

1. e4 e5 2. Bc4 Nc6 3. Nf3 Bc5 4. c3 Nf6 5. d3 d6 6. O-O O-O 7. Re1 a6 8. h3 Ba7
9. Bb3 Ne7 10. Nbd2 Ng6 11. Nf1 h6 12. Ng3 Nh7 13. d4 Qf6 14. Be3 Ng5 15. Nh2
Nf4 16. h4 Nh7 17. Nf5 Bxf5 18. exf5 Qxf5 19. Bc2 Qh5 20. dxe5 dxe5 21. Qxh5
Nxh5 22. Bxa7 Rxa7 23. Rxe5 N7f6 24. g3 Re8 25. Rae1 Raa8 26. Bd1 Kf8 27. Ng4
Rxe5 28. Nxe5 g6 29. Kf1 Ng7 30. Bb3 Rd8 31. Bxf7 g5 32. Bb3 Nf5 33. hxg5 hxg5
34. Nf7 Rd2 35. Nxg5 Ng4 36. Ne6+ Kf7 37. Nf4+ Kf6 38. Re6+ 1-0

[Event "CN Equipas 2019 - 1. div"]
[Site "Évora POR"]
[Date "2019.07.16"]
[Round "3.5.2"]
[White "Brodowski, Piotr"]
[Black "Yankelevich, Lev"]
[Result "1/2-1/2"]
[WhiteElo "2437"]
[BlackElo "2481"]
[WhiteFideId "1124480"]
[BlackFideId "24684074"]
[WhiteTeam "Aa Coimbra 'A'"]
[BlackTeam "Ax Gaia 'A'"]
[WhiteTitle "IM"]
[BlackTitle "IM"]
[PlyCount "77"]

1. c4 g6 2. g3 c6 3. Qc2 d5 4. Bg2 d4 5. d3 Bg7 6. e4 dxe3 7. Bxe3 Nh6 8. Nc3
Nf5 9. Nf3 Na6 10. Rd1 e5 11. Bg5 f6 12. Bc1 O-O 13. O-O Nc5 14. Ne2 Ne6 15. g4
Nfd4 16. Nfxd4 Nxd4 17. Nxd4 exd4 18. Qe2 f5 19. h3 Qh4 20. f3 Bd7 21. Qe1 Bf6
22. Bf4 Qxe1 23. Rdxe1 g5 24. Be5 Rae8 25. Bd6 Rxe1 26. Rxe1 Rd8 27. Kf2 Kf7 28.
Bf1 Rh8 29. Be2 h5 30. Bd1 hxg4 31. hxg4 c5 32. Kg2 b6 33. a3 a5 34. Kg3 Rc8 35.
f4 Rc6 36. Bb8 Rc8 37. Bd6 Rc6 38. Bb8 Rc8 39. Bd6 1/2-1/2

[Event "CN Equipas 2019 - 1. div"]
[Site "Évora POR"]
[Date "2019.07.16"]
[Round "3.5.3"]
[White "Ftacnik, Lubomir"]
[Black "Butkiewicz, Lukasz"]
[Result "1-0"]
[WhiteElo "2513"]
[BlackElo "2425"]
[WhiteFideId "14900017"]
[BlackFideId "1122428"]
[WhiteTeam "Ax Gaia 'A'"]
[BlackTeam "Aa Coimbra 'A'"]
[WhiteTitle "GM"]
[BlackTitle "IM"]
[PlyCount "95"]

1. Nf3 f5 2. d4 Nf6 3. g3 g6 4. Bg2 Bg7 5. O-O O-O 6. b3 d6 7. Bb2 Ne4 8. Nbd2
Nc6 9. c4 Nxd2 10. Qxd2 e5 11. dxe5 dxe5 12. Qd5+ Kh8 13. Qc5 e4 14. Rad1 Qe7
15. Qxe7 Nxe7 16. Bxg7+ Kxg7 17. Nd4 c6 18. f3 exf3 19. Rxf3 a5 20. Re3 Ng8 21.
Nf3 a4 22. b4 a3 23. b5 cxb5 24. cxb5 Ra5 25. Nd4 Kf6 26. Rc3 Rd8 27. Rdd3 Ne7
28. e3 Be6 29. Rxa3 Rxa3 30. Rxa3 Bd5 31. Ra7 Bxg2 32. Kxg2 Nd5 33. Kf2 b6 34.
a4 Re8 35. a5 bxa5 36. Rxa5 Nxe3 37. b6 Nc4 38. Ra6 Rb8 39. b7+ Kg5 40. Ne6+ Kh5
41. Nc5 Ne5 42. Rb6 Nc4 43. Rb4 Nd6 44. Rh4+ Kg5 45. Rxh7 f4 46. Rd7 fxg3+ 47.
hxg3 Nxb7 48. Rxb7 1-0

[Event "CN Equipas 2019 - 1. div"]
[Site "Évora POR"]
[Date "2019.07.16"]
[Round "3.5.4"]
[White "Luch, Michal"]
[Black "Sousa, André V"]
[Result "1-0"]
[WhiteElo "2380"]
[BlackElo "2362"]
[WhiteFideId "1120042"]
[BlackFideId "1917617"]
[WhiteTeam "Aa Coimbra 'A'"]
[BlackTeam "Ax Gaia 'A'"]
[WhiteTitle "IM"]
[BlackTitle "IM"]
[PlyCount "69"]

1. d4 Nf6 2. c4 e6 3. g3 d5 4. Bg2 Be7 5. Nf3 O-O 6. O-O c6 7. Nbd2 b6 8. Qc2
Bb7 9. e4 Na6 10. a3 c5 11. exd5 exd5 12. dxc5 Nxc5 13. b4 Ne6 14. cxd5 Qxd5 15.
Bb2 Rac8 16. Qb3 Qxb3 17. Nxb3 Rc2 18. Rab1 Rfc8 19. Nfd4 Bxg2 20. Kxg2 Nxd4 21.
Nxd4 Rd2 22. Rfd1 Rxd1 23. Rxd1 g6 24. b5 Rd8 25. Re1 Bc5 26. Nb3 Nd5 27. Nxc5
bxc5 28. Rc1 Nb6 29. Rxc5 Na4 30. Bf6 Nxc5 31. Bxd8 Kf8 32. Bf6 Ne6 33. Be5 Ke7
34. Bb8 Nd4 35. a4 1-0

[Event "CN Equipas 2019 - 1. div"]
[Site "Évora POR"]
[Date "2019.07.17"]
[Round "4.1.1"]
[White "Suarez Gomez, Julio"]
[Black "Wegerle, Jörg"]
[Result "1-0"]
[WhiteElo "2429"]
[BlackElo "2411"]
[WhiteFideId "22275991"]
[BlackFideId "4644743"]
[WhiteTeam "O Amanhã da Criança"]
[BlackTeam "Aa Coimbra 'A'"]
[WhiteTitle "IM"]
[BlackTitle "IM"]
[PlyCount "101"]

1. d4 Nf6 2. c4 e6 3. Nf3 d5 4. e3 Bb4+ 5. Nbd2 O-O 6. a3 Bd6 7. c5 Be7 8. b4 b6
9. Bb2 a5 10. Bd3 c6 11. O-O Ba6 12. Ne5 Bxd3 13. Nxd3 Nbd7 14. Qc2 Qb8 15. Bc3
axb4 16. axb4 Qb7 17. cxb6 Rxa1 18. Rxa1 Qxb6 19. Nc5 Bd8 20. Qd3 Qb8 21. h3 Bb6
22. Ndb3 Rc8 23. Nd2 Qc7 24. Qc2 Ne8 25. Ra6 Nb8 26. Ra8 Nd6 27. Ra2 Nb5 28.
Ndb3 Nd7 29. Be1 Nf6 30. Nd3 Nd7 31. Qc1 e5 32. dxe5 f6 33. exf6 Nxf6 34. Nbc5
Qd6 35. Bc3 Bxc5 36. Nxc5 Rf8 37. Qa1 Qe7 38. Ra8 Nxc3 39. Rxf8+ Kxf8 40. Qxc3
Ke8 41. Qa1 Kf7 42. Qa6 Qe8 43. Nb7 Kg6 44. Na5 Qe5 45. Qd3+ Kh6 46. Nxc6 Qa1+
47. Kh2 Qe1 48. Qf5 Ne4 49. Ne5 g6 50. Qf8+ Kh5 51. g4+ 1-0

[Event "CN Equipas 2019 - 1. div"]
[Site "Évora POR"]
[Date "2019.07.17"]
[Round "4.1.2"]
[White "Brodowski, Piotr"]
[Black "Medarde Santiago, Luis Marcos"]
[Result "1-0"]
[WhiteElo "2437"]
[BlackElo "2359"]
[WhiteFideId "1124480"]
[BlackFideId "2263076"]
[WhiteTeam "Aa Coimbra 'A'"]
[BlackTeam "O Amanhã da Criança"]
[WhiteTitle "IM"]
[BlackTitle "FM"]
[PlyCount "69"]

1. c4 Nf6 2. Nc3 e6 3. Nf3 d5 4. e3 Be7 5. b3 b6 6. g3 Bb7 7. Bg2 O-O 8. O-O c5
9. Bb2 Qc8 10. Ne2 Rd8 11. Rc1 Nc6 12. Nf4 Qd7 13. Re1 Rac8 14. Bxf6 Bxf6 15.
cxd5 exd5 16. Bh3 Qd6 17. Bxc8 Bxc8 18. d4 g6 19. dxc5 bxc5 20. e4 dxe4 21. Qxd6
Rxd6 22. Rxe4 Bg4 23. Kg2 Nd4 24. Nxd4 cxd4 25. Nxg6 Bd7 26. Ne5 Bf5 27. Ree1
Ra6 28. Rc6 Rxc6 29. Nxc6 d3 30. Ne7+ Bxe7 31. Rxe7 Kg7 32. Kf3 a6 33. Ke3 Kf6
34. Ra7 Kg5 35. Rxa6 1-0

[Event "CN Equipas 2019 - 1. div"]
[Site "Évora POR"]
[Date "2019.07.17"]
[Round "4.1.3"]
[White "Pazos Porta, Antonio"]
[Black "Butkiewicz, Lukasz"]
[Result "1-0"]
[WhiteElo "2340"]
[BlackElo "2425"]
[WhiteFideId "2263190"]
[BlackFideId "1122428"]
[WhiteTeam "O Amanhã da Criança"]
[BlackTeam "Aa Coimbra 'A'"]
[WhiteTitle "FM"]
[BlackTitle "IM"]
[PlyCount "158"]

1. c4 e6 2. Nc3 Bb4 3. Qc2 Nf6 4. Nf3 O-O 5. a3 Bxc3 6. Qxc3 b6 7. e3 Bb7 8. Be2
d6 9. b4 Nbd7 10. Bb2 Qe7 11. O-O c5 12. d3 Rac8 13. b5 e5 14. a4 a5 15. bxa6
Bxa6 16. Qb3 Rb8 17. Nd2 Rfd8 18. Bf3 Nf8 19. Ne4 Nxe4 20. Bxe4 Ne6 21. Bc3 Nc7
22. f4 exf4 23. Rxf4 Ne6 24. Rg4 Rf8 25. Rf1 f6 26. Qb2 Kh8 27. Qf2 Ng5 28. Bd5
Rbe8 29. e4 Bc8 30. Rf4 Bd7 31. Ra1 Rb8 32. Qg3 Ne6 33. Rf2 Nd4 34. Bxd4 cxd4
35. Rb2 f5 36. exf5 Bxf5 37. Re1 Qd7 38. h3 Bg6 39. Kh2 Qxa4 40. Qxd6 Qa5 41.
Rf1 Rfd8 42. Qg3 Qa3 43. Rbf2 Rf8 44. Rf4 Rxf4 45. Rxf4 Qd6 46. Rxd4 Qxg3+ 47.
Kxg3 h5 48. Bc6 Rc8 49. Be4 Be8 50. Rd6 b5 51. cxb5 Bxb5 52. Kh4 Be8 53. Kg5 Kg8
54. d4 Kf8 55. Bf3 Ke7 56. Rb6 Rd8 57. Rb7+ Kf8 58. Rb4 Rd6 59. Kf5 Ke7 60. Rb7+
Bd7+ 61. Kg5 Kf8 62. d5 Be8 63. Kf5 Bf7 64. Ke5 Rf6 65. Ra7 h4 66. Rc7 Ke8 67.
Rc6 Ke7 68. Rxf6 gxf6+ 69. Kf5 Be8 70. Kg4 Kd6 71. Kxh4 Ke5 72. Kg3 f5 73. Kf2
f4 74. Ke2 Kd4 75. h4 Ke5 76. Kd3 Bb5+ 77. Kc3 Ba6 78. h5 Bb5 79. Kb4 Kxd5 1-0

[Event "CN Equipas 2019 - 1. div"]
[Site "Évora POR"]
[Date "2019.07.17"]
[Round "4.1.4"]
[White "Luch, Michal"]
[Black "Espineira, Diego"]
[Result "1/2-1/2"]
[WhiteElo "2380"]
[BlackElo "2361"]
[WhiteFideId "1120042"]
[BlackFideId "2229498"]
[WhiteTeam "Aa Coimbra 'A'"]
[BlackTeam "O Amanhã da Criança"]
[WhiteTitle "IM"]
[BlackTitle "IM"]
[PlyCount "40"]

1. d4 d5 2. c4 e6 3. Nc3 Nf6 4. cxd5 exd5 5. Bg5 Be7 6. e3 c6 7. Qc2 Nbd7 8. Bd3
Nh5 9. Bxe7 Qxe7 10. Nge2 g6 11. O-O f5 12. Rab1 a5 13. Na4 O-O 14. a3 Qd6 15.
g3 b6 16. Rbc1 Bb7 17. Nf4 Nxf4 18. gxf4 Rac8 19. Qe2 c5 20. Bb5 Rf7 1/2-1/2

[Event "CN Equipas 2019 - 1. div"]
[Site "Évora POR"]
[Date "2019.07.17"]
[Round "4.2.1"]
[White "Espinosa Aranda, Angel"]
[Black "Kadric, Denis"]
[Result "1/2-1/2"]
[WhiteElo "2488"]
[BlackElo "2562"]
[WhiteFideId "2278189"]
[BlackFideId "14403803"]
[WhiteTeam "Amadora Xadrez 'A'"]
[BlackTeam "Ax Gaia 'A'"]
[WhiteTitle "IM"]
[BlackTitle "GM"]
[PlyCount "32"]

1. d4 d6 2. Nf3 g6 3. g3 Bg7 4. Bg2 c5 5. dxc5 Qa5+ 6. Nfd2 Qxc5 7. Ne4 Qc7 8.
Nbc3 Qd8 9. O-O Nc6 10. Nd5 Nh6 11. c3 O-O 12. Qb3 Nf5 13. Rd1 Na5 14. Qb4 Nc6
15. Qb3 Na5 16. Qb4 Nc6 1/2-1/2

[Event "CN Equipas 2019 - 1. div"]
[Site "Évora POR"]
[Date "2019.07.17"]
[Round "4.2.2"]
[White "Yankelevich, Lev"]
[Black "Alshameary Puente, Ismael"]
[Result "1/2-1/2"]
[WhiteElo "2481"]
[BlackElo "2442"]
[WhiteFideId "24684074"]
[BlackFideId "2225166"]
[WhiteTeam "Ax Gaia 'A'"]
[BlackTeam "Amadora Xadrez 'A'"]
[WhiteTitle "IM"]
[BlackTitle "FM"]
[PlyCount "40"]

1. d4 Nf6 2. c4 e6 3. Nf3 Bb4+ 4. Nbd2 O-O 5. a3 Be7 6. e4 d6 7. Be2 a5 8. Qc2
Nfd7 9. Nb1 e5 10. Nc3 Nc6 11. Be3 exd4 12. Nxd4 Bg5 13. Nxc6 bxc6 14. Bxg5 Qxg5
15. O-O Nc5 16. b4 axb4 17. axb4 Bh3 18. Bf3 Ne6 19. Ne2 h5 20. Qc3 Bg4 1/2-1/2